000 00850cab a2200265 4500
001 WB2831-29
008 090401t1992 xxu||||| |||| 00| 0 eng d
035 _a(Sirsi) u73056
041 _aeng
245 _aContaminated land register
260 _c1992
350 _a0
490 _aFinancial Times
_v1 August 1992, 5
490 _aGuardian
_v1 August 1992, 6(1)
520 _aAmended proposals, reducing the number of sites, which would have to appear on the contaminated land register, have failed to satisfy both the environmental critics and the property lobby.
650 _aBLIGHT
650 _aCONSULTATION PAPERS
650 _aCONTAMINATED LAND REGISTERS
650 _aCONTAMINATED LAND
650 _aPROPERTY MARKET
690 _aENVIRONMENTAL AND LAND CONSULTANCY
690 _aLAND
942 _n0
948 _c04/03/1997
999 _c46196
_d46196